000 01343cam a2200229 i 4500
001 117593
005 20230410130921.0
008 140905r20122007sp gr 000 1 spa d
020 _a9788466319942
020 _a8466319948
041 0 _aspa
050 1 4 _aPQ 7797
_bC827t 2012
100 1 _aCortázar, Julio,
_d1914-1984.
245 0 0 _aTodos los fuegos el fuego /
_cJulio Cortázar.
250 _a5ta ed.
260 _aMadrid :
_bPunto de lectura,
_c2012
300 _a183 p. ;
_c19 cm.
505 0 _aLa autopista del sur -- La salud de los enfermos -- Reunión -- La señorita Cora -- La isla a mediodía -- Instrucciones para John Howell -- Todos los fuegos el fuego -- El otro cielo.
520 _aTodos los fuegos el fuego (1966) ofrece ocho muestras rotundas de la plenitud creadora que alcanzan los cuentos de Cortázar. Desde la exasperada metáfora de las relaciones humanas que es "La autopista del sur" hasta la maestría de "El otro cielo", Cortázar vuelve a abrir nuevos caminos con relatos que son referencia obligada para sus lectores y para los amantes del cuento en general. "La salud de los enfermos", "Reunión", "La señorita Cora", "La isla a mediodía", "Instrucciones para John Howell", "Todos los fuegos el fuego": una fiesta de la inteligencia, de la pasión y del genio.
942 _2lcc
_cbk
946 _aJaaM
999 _c82711
_d82711